000 00473cam a2200145 4500500
005 20260111102010.0
041 _afre
042 _adc
100 1 0 _aGrimaud, Lin
_eauthor
245 0 0 _aEnjeux du développement de la capacité introjective dans l'équipe soignante
260 _c2005.
500 _a70
786 0 _nEmpan | 57 | 1 | 2005-03-01 | p. 121-129 | 1152-3336
856 4 1 _uhttps://shs.cairn.info/revue-empan-2005-1-page-121?lang=fr&redirect-ssocas=7080
999 _c1629758
_d1629758